Propuesta de reordenamiento para el manejo, tratamiento y disposición final de los desechos sólidos domiciliares del distrito 5 de Managua.
El presente trabajo tiene como objetivo presentar la propuesta de reordenamiento para el manejo, tratamiento y disposición final de los desechos sólidos domiciliares del distrito 5 de Managua mediante la elaboración de encuestas para la evaluación del sistema de recolección y manejo actual de...
| Main Authors: | , , |
|---|---|
| Other Authors: | |
| Format: | Tesis Section = Libro |
| Language: | Undetermined Spanish |
| Published: |
Managua
UNI
2007
|
| Subjects: |
| LEADER | 01647nam a2200265Ia 4500 | ||
|---|---|---|---|
| 008 | 240830s9999 xx 000 0 und d | ||
| 040 | |a BIBLIOTECA-RUPAP Mon 628.44 R696 | ||
| 041 | |a spa | ||
| 082 | |a Mon 628.44 R696 | ||
| 100 | 1 | |a Rodríguez López, Hezell de la Asunción, | |
| 100 | 1 | |b Conde Vado, Reymar Alfonso. | |
| 100 | 1 | |c Arguello Bravo, Daniel Alejandro | |
| 245 | 1 | 0 | |a Propuesta de reordenamiento para el manejo, tratamiento y disposición final de los desechos sólidos domiciliares del distrito 5 de Managua. |
| 260 | |a Managua |b UNI |c 2007 | ||
| 300 | |a 129 p. :il. | ||
| 500 | |a Contiene: anexos. | ||
| 502 | |a Tesis (Ingeniero Civil)- UNI, 2007. | ||
| 520 | 3 | |a El presente trabajo tiene como objetivo presentar la propuesta de reordenamiento para el manejo, tratamiento y disposición final de los desechos sólidos domiciliares del distrito 5 de Managua mediante la elaboración de encuestas para la evaluación del sistema de recolección y manejo actual de los desechos sólidos domiciliares, dar a conocer de qué modo y las herramientas se pueden obtener las densidades compactas, obtener los componentes físicos de los desechos, determinar y analizar los componentes químicos, evaluar el macro y micro ruteo actual de los desechos y proponer nuevas alternativas de un nuevo sistema de recolección, disposición de corta duración, transporte y manejo de los mismos. | |
| 650 | 7 | |a DESECHOS SOLIDOS (BASURA) | |
| 650 | 7 | |b RESIDUOS SOLIDOS DOMICILIARES | |
| 650 | 7 | |c COMPONENTE QUIMICO – DESECHOS SOLIDOS. | |
| 700 | 1 | |a Tutor: |b Chavarría, Orlando | |
| 942 | |c BK |2 ddc | ||
| 991 | |a TESIS | ||
| 999 | |c 16424 | ||